| 000 | 01905nam a2200445 i 4500 | ||
|---|---|---|---|
| 001 | DIGIBE1492 | ||
| 003 | NyNyDIG | ||
| 007 | cr ||||||||||| | ||
| 008 | 241212s2024 sp h ob 000 0bspa d | ||
| 006 | m o d | ||
| 035 | _a(OCoLC)1463768944 | ||
| 040 |
_aDGITA _beng _erda _epn _cDGITA |
||
| 020 |
_a9783968696324 _qeBook |
||
| 020 |
_z9788491924593 _qIberoamericana |
||
| 020 |
_z9783968696317 _qVervuert |
||
| 043 | _ae-sp--- | ||
| 050 | 1 | 4 | _aPQ6523.F37 ebook |
| 100 | 1 |
_aMuñoz de Morales Galiana, Javier, _d1994- _eauthor. |
|
| 245 | 1 | 3 |
_aEl resucitador de la novela española : _bvida y trayectoria del escritor sevillano Manuel Fernández y González (1821-1888) / _cJavier Muñoz de Morales Galiana. |
| 264 | 1 |
_aMadrid : _bIberoamericana ; _aFrankfurt am Main : _bVervuert, _c2024. |
|
| 300 |
_a1 online resource : _bfacsimiles. |
||
| 336 |
_atext _btxt _2rdacontent |
||
| 337 |
_acomputer _bc _2rdamedia |
||
| 338 |
_aonline resource _bcr _2rdacarrier |
||
| 347 |
_atext file _2rdaft |
||
| 347 | _bPDF | ||
| 490 | 1 |
_aEdiciones de Iberoamericana ; _v153 |
|
| 504 | _aIncludes bibliographical references. | ||
| 588 | 0 | _aOnline resource; title from PDF title page (Digitalia, viewed December 12, 2024) | |
| 600 | 1 | 0 |
_aFernández y González, Manuel, _d1821-1888. |
| 650 | 0 |
_aNovelists, Spanish _y19th century _vBiography. |
|
| 650 | 0 |
_aAuthors, Spanish _y19th century _vBiography. |
|
| 791 | 2 |
_aDigitalia (Firm), _edistributor. |
|
| 793 | 0 |
_gDigitalia eBook Collection: _aIberoamericana/Vervuert |
|
| 776 | 0 | 8 |
_iPrint version: _aMuñoz de Morales Galiana, Javier, 1994- _tResucitador de la novela española. _dMadrid : Iberoamericana ; Frankfurt am Main : Vervuert, [2024] _z9788491924593 |
| 830 | 0 |
_aEdiciones de Iberoamericana ; _v153. |
|
| 856 | 4 | 0 |
_3Digitalia Hispánica _uhttps://www.digitaliapublishing.com/a/162893/ |
| 910 | _aPremium collection: 2024 | ||
| 942 | _cRAA | ||
| 999 |
_c289446 _d289446 |
||